| Tag |
First Indicator |
Second Indicator |
Subfields |
| LEADER |
00000cam a22000008i 4500 |
| 001 |
in00005660310 |
| 006 |
m o d |
| 007 |
cr ||||||||||| |
| 008 |
250312s2025 enk o 000 0 eng d |
| 005 |
20250816185017.9 |
| 035 |
|
|
|a (OCoLC)on1517975868
|
| 040 |
|
|
|a UKMGB
|b eng
|e rda
|e pn
|c UKMGB
|d OCLCO
|d YDX
|d OPELS
|
| 020 |
|
|
|a 9780443266386 (electronic bk.)
|
| 020 |
|
|
|a 0443266387
|q ePub ebook
|
| 020 |
|
|
|z 9780443266379
|
| 024 |
8 |
|
|a CIPO000210236
|
| 035 |
|
|
|a (OCoLC)1517975868
|
| 050 |
|
4 |
|a TS198.2
|
| 082 |
0 |
4 |
|a 688.8
|2 23
|
| 245 |
0 |
0 |
|a Sustainable packaging strengthened by biomass :
|b applications and advancements /
|c edited by Arbind Prasad, J. Paulo Davim, Sonika Gupta, Sushil Kumar Verma.
|
| 264 |
|
1 |
|a Oxford :
|b Woodhead Publishing,
|c 2025.
|
| 300 |
|
|
|a 1 online resource (400 pages).
|
| 336 |
|
|
|a text
|2 rdacontent
|b txt
|
| 337 |
|
|
|a computer
|2 rdamedia
|b c
|
| 338 |
|
|
|a online resource
|2 rdacarrier
|b cr
|
| 490 |
0 |
|
|a Woodhead Publishing reviews. Mechanical engineering
|
| 588 |
|
|
|a Description based on CIP data; resource not viewed.
|
| 650 |
|
0 |
|a Packaging
|x Materials.
|
| 650 |
|
0 |
|a Biopolymers
|x Industrial applications.
|
| 650 |
|
6 |
|a Conditionnement (Emballage)
|0 (CaQQLa)201-0014962
|x Matériaux.
|0 (CaQQLa)201-0379329
|
| 650 |
|
6 |
|a Biopolymères
|0 (CaQQLa)201-0127997
|x Applications industrielles.
|0 (CaQQLa)201-0374039
|
| 700 |
1 |
|
|a Prasad, Arbind,
|d 1956-
|e editor.
|1 https://id.oclc.org/worldcat/entity/E39PCjx4ck7GWc3p8Bbmmv7d8K
|1 https://isni.org/isni/0000000032675345
|
| 700 |
1 |
|
|a Davim, J. Paulo,
|e editor.
|1 https://isni.org/isni/0000000070638924.
|
| 700 |
1 |
|
|a Gupta, Sonika,
|e editor.
|1 https://isni.org/isni/0000000045406582.
|
| 700 |
1 |
|
|a Verma, Sushil Kumar,
|e editor.
|
| 776 |
0 |
8 |
|i Print version :
|z 9780443266379
|
| 852 |
8 |
|
|b POD
|z This title is available for the library to purchase for your use. Click the "Purchase It For Me" button to place a request. This item will take 5-10 business days to arrive.
|
| 955 |
|
|
|a Ebook POD title
|
| 961 |
|
|
|m 565731
|
| 999 |
f |
f |
|s b403ae84-a375-4078-969b-c59619e7615c
|i 58159caa-5819-4472-a605-b775399e94e2
|t 0
|
| 952 |
f |
f |
|a Texas A&M University
|b College Station
|c Sterling C. Evans Library
|d Purchase on Demand
|t 0
|e TS198.2
|h Library of Congress classification
|
| 998 |
f |
f |
|a TS198.2
|t 0
|l Purchase on Demand
|